000 00544nam a22001575i 4500
001 48795
003 ES-MaACL
007 t|
008 950731s1881 sp ||||1| spa d
040 _aCAM
_bspa
_cCAM
100 1 _aDíez Pinedo, Eduardo.
_944760
245 1 0 _aMemoria sobre la organización de las escuelas de comercio con arreglo a las necesiadades de nuestra época /
_cpor Eduardo Diez Pinedo...
260 _aMadrid :
_b[s.n.],
_c1881 (
_fimprenta de Manuel G. Hernández)
300 _a31 p. ;
_c22 cm.
852 _aES-MaACL
_jT-351-F-21
999 _c48795
_d48795